Jesus in the Quran (Record no. 626)
[ view plain ]
| 000 -LEADER | |
|---|---|
| fixed length control field | 00585nam a2200241 a 4500 |
| 020 ## - INTERNATIONAL STANDARD BOOK NUMBER | |
| ISBN | |
| 082 00 - DEWEY DECIMAL CLASSIFICATION NUMBER | |
| Classification number | 232.9 |
| Author Cutter | PAR |
| 100 ## - MAIN ENTRY--AUTHOR NAME | |
| Author name | Parrinder, Geoffrey |
| 245 ## - TITLE STATEMENT | |
| Title | Jesus in the Quran |
| 260 ## - PUBLICATION, DISTRIBUTION, ETC. (IMPRINT) | |
| Place of publication | London |
| Name of publisher | Faber and Faber Limited |
| Year of publication | 1965 |
| 300 ## - PHYSICAL DESCRIPTION | |
| Number of Pages | 178p |
| 500 ## - GENERAL NOTE | |
| General note | includes index and biblioraphy |
| 505 2# - FORMATTED CONTENTS NOTE | |
| Formatted contents note | Index |
| 650 ## - SUBJECT ADDED ENTRY--TOPICAL TERM | |
| Topical Term | Jesus Christ in the Quran |
| 942 ## - ADDED ENTRY ELEMENTS (KOHA) | |
| Koha item type | Books |
| 700 1# - | |
| -- | Parrinder, Geoffrey |
| Home library | Current library | Date acquired | Cost, normal purchase price | Full call number | Accession Number | Koha item type | Collection code | Shelving location | Source of acquisition |
|---|---|---|---|---|---|---|---|---|---|
| Henry Martyn Institute Library | Henry Martyn Institute Library | 08/30/2013 | 100.00 | 232.9 PAR | 03218 | E-Books | |||
| Henry Martyn Institute Library | Henry Martyn Institute Library | 06/24/2022 | 100.00 | 232.9 PAR C2 | 11002970 | E-Books | Non-fiction | General stacks | Dr. Andreas D'Souza collection |
